| 000 | 00416 a2200157 4500 | ||
|---|---|---|---|
| 003 | Nust | ||
| 005 | 20230220102426.0 | ||
| 040 | _cNust | ||
| 082 | _a297,KHA | ||
| 100 |
_aChaudhry, Yasin Khan Malik _9109240 |
||
| 245 |
_aIlmi Islamyiat vo Pak -Studies / _cChaudhry Mohammad Yasin Khan |
||
| 260 |
_aLahore _bKabir Street _62008 |
||
| 300 | _a237:p | ||
| 650 |
_aIslamic and Pak Studies _9109241 |
||
| 942 |
_2ddc _cBK |
||
| 999 |
_c183945 _d183945 |
||